Theories of inflation
Αποθηκεύτηκε σε:
| Κύριος συγγραφέας: | |
|---|---|
| Μορφή: | Βιβλίο |
| Γλώσσα: | English |
| Δημοσίευση: |
Cambridge [Cambridgeshire] : New York :
Cambridge University Press,
1983
|
| Σειρά: | Cambridge surveys of economic literature
|
| Θέματα: | |
| Ετικέτες: |
Προσθήκη ετικέτας
Δεν υπάρχουν, Καταχωρήστε ετικέτα πρώτοι!
|
MARC
| LEADER | 00000cam a2200000 i 4500 | ||
|---|---|---|---|
| 001 | 1/45262 | ||
| 008 | 960425s1983 eng d | ||
| 020 | |a 0521224705 ((pbk.)) | ||
| 020 | |a 0521295122 | ||
| 035 | |l 10026115 | ||
| 040 | |a GR-MY-UA |b gre |e aacr | ||
| 041 | 0 | |a eng | |
| 082 | 0 | |a 332.4/1/01 |2 (19) | |
| 100 | 1 | |a Frisch, Helmut. | |
| 245 | 1 | 0 | |a Theories of inflation / |c Helmut Frisch |
| 260 | |a Cambridge [Cambridgeshire] : |a New York : |b Cambridge University Press, |c 1983 | ||
| 300 | |a ix, 262 p.; |b ill.; |c 22 cm | ||
| 490 | 1 | |a Cambridge surveys of economic literature | |
| 500 | |a Based on: Die neue Inflationstheorie. Gottingen : Vandenhoeck und Ruprecht, 1980 | ||
| 500 | |a Includes indexes | ||
| 504 | |a Bibliography: p. 250-258 | ||
| 650 | 0 | 0 | |a Inflation (Finance) |
| 830 | 0 | |a Cambridge surveys of economic literature | |
| 852 | |a INST |b CHIOS |e 19960425 |h 332.41 FRI |p 005200005574 |q 005200005574 |t BK |y 0 | ||
| 909 | |a Χ |b 003836 | ||